MDQL
is popping MORE tags! Check the
thread
!
Quizzes
Events
Quiz Creation
Community
Videos
Private Events
Remove Ads
Sign In
Join for FREE
Feedback
Dark Mode
Quiz Categories
Sports
Geography
Music
Movies
Television
Just For Fun
Miscellaneous
History
Literature
Language
Science
Gaming
Entertainment
Religion
Holiday
For Kids
Quiz Lab
Recent
Popular Today
Quiz Kudos Today
Editor Picks
Curator Picks
Quizzes by...
Day
Popularity
Type
Ratings
Length
Year
Community
Subscriptions
Recent Discussions
Orange Saloon
Badges
Playlists
Quests
Create
Leaderboards
Showdown
Live 5
Trivia Bingo
Activity
Puzzle Library
Sporcle Events
Private Events
Virtual Trivia
Globe League
Become a Host
Pub Owners
SporcleCon
Opinionation
Our Games
Videos
Blog
Mobile Apps
Partnerships
Remove Ads and Go Orange
Feedback
Music
Pop Music
The Beatles
Song
Album
Lyrics
Bands
Singers
Artist
Clip
Rock
Rap
Classical
Billboard
Country Music
Kpop
Taylor Swift
Music
Pop Music
The Beatles
Song
Album
Lyrics
Bands
Singers
Artist
Clip
Rock
Rap
Classical
Billboard
Country Music
Kpop
Taylor Swift
Random Quiz
Search Sporcle
×
Quiz Lab
Quiz Lab
Music
Believe
Type in answers that appear in a list
Type in answers that appear in a list
Classic
Best Score? Go Orange.
Believe In Me Lyrics by Demi Lovato Stats
Can you name the Believe In Me Lyrics by Demi Lovato
By
Demiluv4evr
10m
197 Questions
167 Plays
167 Plays
167 Plays
Comments
Comments
Give Quiz Kudos
Give Quiz Kudos
-
- Ratings
hide this ad
Forced Order
Answers have to be entered in order
Answers have to be entered in order
Replay
Link that replays current quiz
Next Quiz
Link to next quiz in quiz playlist
You Got
0%
They Got
Avg Score
59%
Avg Friend Score
Upgrade to see
Score Distribution
Jump to the score distribution portion of the page
Score
0/197
Timer
10:00
0
Plays Today
Hint
Answer
% Correct
i'm
99.4%
losing
98.2%
myself
98.2%
trying
98.2%
to
98.2%
compete
97%
everyone
97%
else
97%
with
96.4%
instead
96.4%
of
96.4%
just
95.2%
being
95.2%
me
95.2%
to
91.6%
don't
91%
know
91%
where
91%
turn
89.2%
i've
88.6%
been
88.6%
in
88.6%
stuck
88%
this
88%
routine
87.4%
to
85.6%
my
85.6%
instead
85.6%
of
85.6%
change
85%
ways
85%
being
85%
i
83.8%
need
83.2%
always
83.2%
to
79%
be
79%
don't
78.4%
want
78.4%
afraid
78.4%
wanna
78.4%
wake
78.4%
up
78.4%
feeling
78.4%
beautiful
78.4%
today
78.4%
i
77.8%
i
77.2%
know
73.1%
i'm
72.5%
in
72.5%
that
71.9%
ok
71.9%
perfect
71.9%
everyone's
71.3%
cause
70.7%
ways
70.7%
unusual
69.5%
in
68.3%
me
68.3%
see
67.7%
just
67.7%
believe
67.7%
you
67.1%
i
67.1%
wanna
67.1%
Hint
Answer
% Correct
me
61.1%
mirror
59.9%
can
59.9%
lie
59.9%
the
59.3%
doesn't
59.3%
show
59.3%
you
59.3%
what's
59.3%
inside
59.3%
la
58.1%
la
58.1%
la
58.1%
la
58.1%
la
58.1%
la
58.1%
la
58.1%
la
58.1%
tell
57.5%
you
57.5%
of
57.5%
just
57.5%
be
57.5%
i'm
57.5%
it
56.9%
can
56.9%
full
56.9%
its
56.9%
amazing
56.9%
what
56.9%
you
56.9%
can
56.9%
by
56.9%
putting
56.9%
on
56.9%
smile
56.9%
i
56.9%
don't
56.9%
wanna
56.9%
afraid
56.9%
i
56.9%
wanna
56.9%
wake
56.9%
up
56.9%
feeling
56.9%
beautiful
56.9%
today
56.9%
know
56.9%
that
56.9%
ok
56.9%
everyone's
56.9%
perfect
56.9%
and
56.3%
hide
56.3%
cause
56.3%
your
55.7%
a
55.7%
life
54.5%
in
53.3%
me
53.3%
see
52.7%
i
52.7%
just
52.7%
believe
52.7%
unusual
52.1%
ways
52.1%
Hint
Answer
% Correct
wanna
52.1%
you
51.5%
i'm
47.9%
finding
47.9%
out
47.3%
i'm
47.3%
not
47.3%
about
47.3%
i
47.3%
quickly
46.7%
to
46.7%
guess
46.7%
i
46.7%
always
46.7%
knew
46.7%
break
46.1%
down
46.1%
not
46.1%
today
46.1%
to
44.3%
i
43.7%
the
43.7%
make
43.7%
it
43.7%
through
43.7%
had
43.1%
all
43.1%
strength
40.1%
i
38.9%
be
37.1%
afraid
37.1%
i
35.3%
feeling
35.3%
beautiful
35.3%
i'm
34.7%
up
34.7%
i'm
34.7%
in
34.7%
wake
34.1%
today
34.1%
and
34.1%
ok
34.1%
cause
34.1%
everyone's
34.1%
perfect
34.1%
unusual
34.1%
ways
34.1%
gonna
33.5%
know
33.5%
that
33.5%
you
33.5%
see
33.5%
i
33.5%
in
33.5%
me
33.5%
now
32.9%
believe
32.9%
gonna
30.5%
not
29.9%
in
28.1%
me
28.1%
i
27.5%
believe
27.5%
i
9.6%
noe
6.6%
Quiz Playlist
Details
Report
Send in Message
Add To Playlist
Classic:
Type in answers that appear in a list
Forced Order:
Answers have to be entered in order
Last Updated: Feb 16, 2017
Quiz Scoreboard
CHALLENGE
Sign Up to Join the Scoreboard
Show All
Scores
Hide
Comments
May contain spoilers
Recently Published
1-10 Letter E Words III
by El_Dandy
Language
2m
Street Fighter Characters
by Artimus82
Gaming
60s
College Basketball Coaching Resumes
by pancakes188
Sports
9m
More to Explore
Quiz From the Vault
Featured Blog Post
Where Did the Easter Bunny Come From?
hide this ad
You Might Also Like...
Tags
Believe
demi
Demi Lovato
Lovato
Today's Top Quizzes in Music
Browse Music
hide this ad
Today's Top Quizzes in Believe
Browse Believe
Top Contributed Quizzes in Music
1
Taylor Swift All Songs (2024)
2
Taylor Swift Logic Puzzle
3
Guess the Artist- 70s Songs
4
7-to-1: Billboard Hot 100 #1 Hits of 2010s
5
Sorting Albums and Songs
6
Billboard Blitz: Aretha Franklin
7
KPOP LOGIC QUIZ
8
Guess the Taylor Swift song (Mystery Song)
9
Guess The Taylor Swift Lyrics Song #1
10
Billboard Blitz: ABBA
Explore More
Trending Topics
Marvel
Kpop
Crossword
Disney
NBA
Harry Potter
Anime
The Office
WWE
Pokémon
NFL
Puzzle
Soccer
Country
Song
hide this ad
More By:
Demiluv4evr
Quiz
Plays
Rating
Category
Featured
Created
Believe In Me Lyrics by Demi Lovato
167
2.00
Music
May 4, 2014
Go to Creator's Profile
Score Distribution
Quiz Creator Spotlight
Demiluv4evr
Follow
Send a Message
Quizzes Created
-
Created Quiz Play Count
-
More By This Creator
Popular Quizzes Today
1
Find the US States - No Outlines Minefield
2
Find the Countries of Europe - No Outlines Minefield
3
The Countries of the World
4
Find the US States
5
Risky Map Clicking: Biggest States A-Z
6
US States
7
Popular People in 1961
8
Movies - When Are They Set?
More Music Quizzes
Duran Duran Quiz
Quiz Lab
Trending Quizzes
Risky Map Clicking: Least Populous States A-Z
Billboard Blitz: Aretha Franklin
Famous Russians: Author or Composer?
1-10 Letter G Words
Countries of the World: 200 Million BC
Recently Updated
Leaping Animals
pecheneg
Reality TV Shows (A-Z)
bhenderson79
Rickey Henderson's Hall of Fame Teammates
pecheneg
Champions League XIs: Arsenal
pecheneg
Quick Pick: Celebrities in WWE's Hall of Fame
aduchscher
A-Z Keypad Blitz II
pecheneg
Multiple Oscar Actors
pecheneg
Mystery Phrase Blitz: Oscar 'Best Actors'
pecheneg
F. Scott Fitzgerald Novels
LTH
Pick 3 Villains
ddd62291
Trending Topics
Crossword
NBA
Anime
Marvel
Kpop
Harry Potter
Disney
The Office
NFL
Pokémon
Puzzle
Song
Country
WWE
Soccer
Your Account Isn't Verified!
In order to create a playlist on Sporcle, you need to verify the email address you used during registration. Go to your
Sporcle Settings
to finish the process.
Report this User
Report this user for behavior that violates our
Community Guidelines
.
Details:
Send Report
Go to the Sporcle.com Mobile Site →
Comments